| 000 | 00919cam a22002174a 4500 | ||
|---|---|---|---|
| 005 | 20250605164216.0 | ||
| 008 | 250528s ||||||||||||||||||||||||d | ||
| 035 | _a20479 | ||
| 020 | _a333339959 | ||
| 040 |
_aGR-AtMCL _bgre _dGR-AtMCL _eAACR2 |
||
| 245 | 1 | _aTwelfth Night / Text and Performance | |
| 250 | _a1st | ||
| 260 | _c1985 | ||
| 300 | _a80 | ||
| 520 | _aThis volume in the ''Text and Performance'' series shows how Twelfth Night works as drama and how the text is realized through performance. Acknowledgements, General Editor's Preface, Plot Synopsis and Sources, Text, Introduction, Interpreting the Title, Patterns of Language and Action, Close Analysis: Act V - Scene i, A Play for Actors, Performance, Introduction, The Setting, Romance, Comedy, Reading List, Index of Names. | ||
| 700 | 1 |
_aMacmillan _9736 |
|
| 700 | 1 |
_aPotter Lois _96461 |
|
| 942 | _cBK | ||
| 999 |
_c5583 _d5583 |
||